01003nam a2200277 i 450000100060000000300090000600500170001500800390003201500170007103500210008804000280010908000170013710000390015424500780019326000600027130000380033133600270036933700540039633800280045038000170047850400380049565800340053365000140056771000460058185600980062713612KOSZ 00520220916112456.0071107s1966 pl a f 000 0 pol aPB 1966/8544 a(OCoLC)839065171 aWA NcWA NdKOSZ 005/KK a658.2/.5:3381 aJaruga, Alicjad(1928-2011)eAutor10aKoszty zarządzania przedsiębiorstw przemysłowych /cAlicja Jarugowa. aWarszawa :bPaństwowe Wydawnictwo Ekonomiczne,c1966. a272 strony :bilustracje;c18 cm. 2rdacontentaTekstbtxt 2rdamediaaBez urządzenia pośredniczącegobn 2rdacarrieraWoluminbnc aKsiążki. aBibliografia na stronach 262-268. aGospodarka, ekonomia, finanse 4aPrzemysł2 aPaństwowe Wydawnictwo Ekonomiczne4pbl. uhttp://koha.tu.koszalin.pl/cgi-bin/koha/opac-detail.pl?biblionumber=13612yKatalog online BPK